00290nam a2200121Ia 4500003000400000005001700004008004100021020001500062040002800077100002000105245002500125260001800150OSt20240117163931.0170524s9999 xx 000 0 und d a8120326806 ciimt university meerut  aRAIFFA - HOWARD 0aNEGOTIATION ANALYSIS bPHI NEW DELHI